00583cam a22001813a 450000100060000000300060000600500170001200800410002904000150007004200070008510000470009224501120013926000290025150600300028051600200031083000290033085600420035938419PGUSA20140828083840.0111227s2011||||xxu|||||s|||||000 | eng d aPGUSAbeng adc1 aRiis, Jacob A.q(Jacob August),d1849-191410aOut of Mulberry Street :bStories of Tenement life in New York Cityh[electronic resource] /cJacob A. Riis bProject Gutenberg,c2011 aPublic domain in the USA. aElectronic text 0aProject Gutenbergv3841940uhttp://www.gutenberg.org/ebooks/38419